El mundo trastornado (Record no. 80474)

MARC details
000 -LEADER
campo de control de longitud fija 00800nam a2200217 i 4500
001 - NÚMERO DE CONTROL
campo de control 80474
003 - IDENTIFICADOR DE NÚMERO DE CONTROL
campo de control ES-MaACL
005 - FECHA Y HORA DE LA ÚLTIMA TRANSACCIÓN
campo de control 20230906174226.0
007 - CAMPO FIJO DE DESCRIPCIÓN FÍSICA--INFORMACIÓN GENERAL
campo de control de longitud fija t|
008 - DATOS DE LONGITUD FIJA--INFORMACIÓN GENERAL
campo de control de longitud fija 041028s1983 sp ||||1| spa d
100 1# - ENTRADA PRINCIPAL--NOMBRE DE PERSONA
Nombre de persona Hill, Christopher.
9 (RLIN) 63696
245 13 - MENCIÓN DEL TÍTULO
Título El mundo trastornado
Resto del título : el ideario popular extremista en la revolución inglesa del siglo XVII /
Mención de responsabilidad, etc. por Christopher Hill ; [traducción Mª del Carmen Ruiz de Elvira].
250 ## - MENCION DE EDICION
Mención de edición [1ª ed. en castellano].
260 ## - PUBLICACIÓN, DISTRIBUCIÓN, ETC.
Lugar de publicación, distribución, etc. [Madrid :
Nombre del editor, distribuidor, etc. Siglo XXI de España,
Fecha de publicación, distribución, etc. 1983]
300 ## - DESCRIPCIÓN FÍSICA
Extensión X, 418 p. ;
Dimensiones 20 cm.
490 1# - MENCIÓN DE SERIE
Mención de serie Historia de los movimientos sociales
700 1# - ENTRADA AGREGADA--NOMBRE PERSONAL
Nombre de persona Ruiz de Elvira Hidalgo, María-Carmen.
9 (RLIN) 100738
830 0# - PUNTO DE ACCESO ADICIONAL DE SERIE-TÍTULO UNIFORME
Título uniforme Historia de los movimientos sociales
9 (RLIN) 180737
852 ## - LOCALIZACIÓN
Ubicación ES-MaACL
Número de control de estantería L-5516
Sublocalización o colección R.105987
Holdings
Estatus retirado Estado de pérdida Estado de daño No para préstamo Biblioteca de origen Biblioteca actual Ubicación en estantería Fecha de adquisición Fuente de adquisición Total de préstamos Signatura topográfica completa Código de barras Visto por última vez Precio de reemplazo Tipo de ítem Koha
        Biblioteca del Ateneo de Madrid Biblioteca del Ateneo de Madrid Depósito 2 17/01/2008     L-5516 1084136 23/02/2023 23/02/2023 Libro impreso